Statistics for NBA: Highest Scoring Teams' Top 5 Scorers: 1960s

Click here to take the quiz!

General Stats

  • This quiz has been taken 39 times
  • The average score is 20 of 50

Answer Stats

TeamPlayerPPG% Correct
'65-'66 Los Angeles LakersJerry West31.3
94%
'66-'67 Philadelphia 76ersWilt Chamberlain24.1
94%
'61-'62 Philadelphia WarriorsWilt Chamberlain50.4
94%
'67-'68 Philadelphia 76ersWilt Chamberlain24.3
94%
'64-'65 Cincinnati RoyalsOscar Robertson30.4
91%
'63-'64 Cincinnati RoyalsOscar Robertson31.4
91%
'65-'66 Los Angeles LakersElgin Baylor16.6
85%
'60-'61 Syracuse NationalsHal Greer19.6
76%
'62-'63 Syracuse NationalsHal Greer19.5
76%
'68-'69 Philadelphia 76ersHal Greer23.1
76%
'69-'70 Philadelphia 76ersHal Greer22.0
76%
'67-'68 Philadelphia 76ersHal Greer24.1
76%
'66-'67 Philadelphia 76ersHal Greer22.1
76%
'60-'61 Syracuse NationalsDolph Schayes23.6
70%
'66-'67 Philadelphia 76ersBilly Cunningham18.5
64%
'69-'70 Philadelphia 76ersBilly Cunningham26.1
64%
'67-'68 Philadelphia 76ersBilly Cunningham18.9
64%
'68-'69 Philadelphia 76ersBilly Cunningham24.8
64%
'67-'68 Philadelphia 76ersWali Jones12.8
58%
'66-'67 Philadelphia 76ersWali Jones13.2
58%
'63-'64 Cincinnati RoyalsJerry Lucas17.7
45%
'64-'65 Cincinnati RoyalsJerry Lucas21.4
45%
'64-'65 Cincinnati RoyalsAdrian Smith15.1
42%
'61-'62 Philadelphia WarriorsPaul Arizin21.9
39%
'68-'69 Philadelphia 76ersChet Walker18.0
30%
'67-'68 Philadelphia 76ersChet Walker17.9
30%
'62-'63 Syracuse NationalsChet Walker12.3
30%
'66-'67 Philadelphia 76ersChet Walker19.3
30%
'63-'64 Cincinnati RoyalsJack Twyman15.9
27%
'64-'65 Cincinnati RoyalsJack Twyman14.5
27%
'68-'69 Philadelphia 76ersLuke Jackson14.4
27%
'62-'63 Syracuse NationalsRed Kerr15.7
21%
'65-'66 Los Angeles LakersRudy LaRusso15.4
21%
'60-'61 Syracuse NationalsLarry Costello14.5
18%
'61-'62 Philadelphia WarriorsAl Attles11.3
12%
'69-'70 Philadelphia 76ersDarrall Imhoff13.6
9%
'61-'62 Philadelphia WarriorsTom Gola13.7
9%
'60-'61 Syracuse NationalsDick Barnett16.9
6%
'61-'62 Philadelphia WarriorsTom Meschery12.1
6%
'64-'65 Cincinnati RoyalsWayne Embry12.7
3%
'63-'64 Cincinnati RoyalsWayne Embry17.3
3%
'69-'70 Philadelphia 76ersArchie Clark19.7
0%
'68-'69 Philadelphia 76ersArchie Clark13.5
0%
'63-'64 Cincinnati RoyalsBob Boozer11.0
0%
'62-'63 Syracuse NationalsDave Gambee11.2
0%
'60-'61 Syracuse NationalsDave Gambee13.7
0%
'69-'70 Philadelphia 76ersJim Washington12.7
0%
'62-'63 Syracuse NationalsLee Shaffer18.6
0%
'65-'66 Los Angeles LakersLeroy Ellis12.2
0%
'65-'66 Los Angeles LakersWalt Hazzard13.7
0%

Score Distribution

Percentile by Number Answered

Percent of People with Each Score

Your Score History

You have not taken this quiz